000 00288nam a2200109Ia 4500
008 201224s9999 xx 000 0 und d
100 _aAsher, Catherine B.
245 0 _a(The) New Cambridge History of India
260 _aNew Delhi
_bCambridge University Press
300 _a368
942 _cBK
999 _c9089
_d9089